000 00622cab a2200205 4500
001 WB2634-09
008 090401t1990 xxu||||| |||| 00| 0 eng d
035 _a(Sirsi) u51684
041 _aeng
245 _aBoost for wind energy
260 _c1990
350 _a0
490 _aTimes
_v24/8/90 p6
520 _aThe Government has announced plans to construct a wind farm on Ovenden Moor , West Yorkshire . It is hoped that the farm will be operating in 1991.
650 _aALTERNATIVE SOURCES
650 _aWIND POWER
690 _aENVIRONMENTAL AND LAND CONSULTANCY-ENERGY
942 _n0
948 _c04/03/1997
999 _c32072
_d32072